[ĎURICOVÁ, A., ŠTEFAŇÁKOVÁ, J. (EDS.). 2024. OD TEXTU K PREKLADU XVIII. 1. ČASŤ. PRAHA: JTP. 112 S. ISBN 978-80-7374-138-9]

Recenzia na publikáciu: "Od textu k prekladu XVIII. 1. časť." Hodnotená publikácia čitateľovi ponúka mozaiku náhľadov na odborný jazyk a preklad (odborných) textov.

Gespeichert in:
Bibliographische Detailangaben
1. Verfasser: Gašová, Zuzana, 1977-
Format: Buchkapitel
Sprache:Slowakisch
Schlagworte:
Tags: Tag hinzufügen
Keine Tags, Fügen Sie das erste Tag hinzu!

MARC

LEADER 00000naa a2200000 4500
001 0315176
005 20260227145113.0
041 0 |a slo 
044 |a SK 
245 1 0 |a [ĎURICOVÁ, A., ŠTEFAŇÁKOVÁ, J. (EDS.). 2024. OD TEXTU K PREKLADU XVIII. 1. ČASŤ. PRAHA: JTP. 112 S. ISBN 978-80-7374-138-9]  |c Zuzana Gašová 
520 |a Recenzia na publikáciu: "Od textu k prekladu XVIII. 1. časť." Hodnotená publikácia čitateľovi ponúka mozaiku náhľadov na odborný jazyk a preklad (odborných) textov. 
610 2 0 |a recenzie 
610 2 0 |a prekladateľstvo 
610 2 0 |a spracovanie textov 
610 2 0 |a jazyk odborný 
610 2 0 |a jazyky cudzie 
100 1 |a Gašová, Zuzana, 1977-